000 01710nam a22002417a 4500
001 6904
003 FISKH
005 20250605111422.0
008 250605b cb ||||| |||| 00| 0 eng d
020 _a9789995001018
040 _aFISKH
_bkhr
_cFISKH
_dFISKH
082 _a910
100 _aVat, Eng
245 _aភូមិវិទ្យា ថ្នាក់ទី១១ /
_cលោក​ អេង វ៉ាត់,លោក ស៊ុន ណាគ្រី ,លោក ថៃ សុខហេង និង​ លោក ឌី ឆុំឌឿន
250 _aបោះពុម្ពឆ្នាំ២០២០
260 _aភ្នំពេញ:
_bគ្រឺះស្ថានបោះពុម្ពនិងចែកផ្សាយ ,
_c2020 .
300 _a204 pages :
_billustrations ;
_c25 cm.
520 _aសៀវភៅ ភូមិវិទ្យា ថ្នាក់ទី ១១ ជាសៀវភៅសិក្សាសំខាន់សម្រាប់សិស្សមធ្យមសិក្សាទុតិយភូមិ ដែលផ្ដោតលើការអប់រំសិស្សឲ្យយល់ដឹងអំពីបរិស្ថានធម្មជាតិ បរិស្ថានសង្គម និងបញ្ហាផ្សេងៗដែលពាក់ព័ន្ធនឹងភូមិវិទ្យា។
520 _aThe Grade 11 Geography textbook is an important learning resource for upper secondary school students. It focuses on educating students about the natural environment, the human/social environment, and various issues related to geography.
700 _aSomhors, Mao
_eIllustrator
942 _2ddc
_cKHB
_n0
999 _c6904
_d6904